000 00479nam a2200169Ia 4500
999 _c28801
_d28801
003 OSt
005 20210106093536.0
008 190216s9999||||xx |||||||||||||| ||und||
040 _coclc
082 _a894.812301
_bAKB/P
100 _aAkbar, M V
_97947
245 0 _aPathinanju Kathakal /
_cM V Akbar
260 _bLipi Publications,
_aKozhikode:
_c2003.
300 _a152p
650 _aKathakal
942 _cBK
_2ddc
_h894.812301
_iAKB/P
_k894.812301
_mAKB/P